000 00864 a2200229 4500
005 20080917123110.0
008 080917t xxu||||| |||| 00| 0 eng d
010 _aENG-91287
020 _c225.00
035 _aEN-74820
037 _bDBAD / PUB
040 _adpl
_bEnglish
082 _a658.3
100 _aRao, P. Subba
245 _aHuman resource management /
_cby P. Subba Rao
260 _aNew Delhi
_bHimalaya Publishing House
_c2008
270 _aPooja Apartments, 4-B Murari Lal Street, Ansari Raod, Daryaganj,
_bNew Delhi
_e110002
300 _a432 p.
_c24 cm. (pbk)
650 _aPersonnel management
942 _adpl
_cEN
_k658.3 / SUB
_2ddc
_h658.3
_mRAO
999 _c16615
_d16615